【2010年】台湾(中華民国)の県轄市 - Statistics

General Stats
  • This quiz has been taken 12 times
  • The average score is 23 of 33
Answer Stats
Answer % Correct
彰化縣 彰化市
100%
南投縣 南投市
100%
宜蘭縣 宜蘭市
100%
花蓮縣 花蓮市
100%
苗栗縣 苗栗市
86%
屏東縣 屏東市
86%
臺東縣 臺東市
86%
臺北縣 板橋市
71%
臺北縣 三重市
71%
臺北縣 中和市
71%
臺北縣 樹林市
71%
桃園縣 桃園市
71%
桃園縣 中壢市
71%
新竹縣 竹北市
71%
嘉義縣 太保市
71%
澎湖縣 馬公市
71%
臺北縣 永和市
57%
臺北縣 新莊市
57%
臺北縣 新店市
57%
臺北縣 土城市
57%
臺北縣 蘆洲市
57%
臺北縣 汐止市
57%
桃園縣 平鎮市
57%
桃園縣 八德市
57%
桃園縣 楊梅市
57%
臺中縣 豐原市
57%
臺中縣 大里市
57%
臺中縣 太平市
57%
雲林縣 斗六市
57%
嘉義縣 朴子市
57%
臺南縣 新營市
57%
臺南縣 永康市
57%
高雄縣 鳳山市
57%
No matching quizzes found
Score Distribution
Percent of People with Each Score
Percentile by Number Answered
Your Score History
You have not taken this quiz